UBT Library

"hate speech" in balkans / (Record no. 126)

000 -LEADER
fixed length control field 00618nam a22001937a 4500
008 - FIXED-LENGTH DATA ELEMENTS--GENERAL INFORMATION
fixed length control field 131016b xxu||||| |||| 00| 0 eng d
020 ## - INTERNATIONAL STANDARD BOOK NUMBER
International Standard Book Number 9608620600
041 0# - LANGUAGE CODE
Language code of text/sound track or separate title eng
080 ## - UNIVERSAL DECIMAL CLASSIFICATION NUMBER
Universal Decimal Classification number 32 (497) HAT
245 00 - TITLE STATEMENT
Title "hate speech" in balkans /
Statement of responsibility, etc editor : mariana lenkova
260 ## -
-- Athens :
-- ETEPE ;
-- 1998
300 ## -
-- 130 f. :
-- 22 cm.
490 ## -
-- The international Helsinki Federation for Human Rights (IHF)
500 ## -
-- Preface f. : 5
500 ## -
-- appendices f. : 109-130
650 ## -
-- Politika botërore
-- Ballkani
760 ## -
-- The international Helsinki Federation for Human Rights (IHF)
942 ## - ADDED ENTRY ELEMENTS (KOHA)
Source of classification or shelving scheme
Item type Books
Holdings
Withdrawn status Lost status Source of classification or shelving scheme Damaged status Not for loan Collection code Permanent location Current location Shelving location Date acquired Total Checkouts Full call number Barcode Date last seen Price effective from Koha item type
          Koleksioni i përgjithshem UBT - Prishtine UBT - Prishtine Koleksioni i përgjithshem 10/16/2013   32 (497) HAT 001-000137 10/16/2013 10/16/2013 Books
UBT Library © 2015-2024. All rights reserved University Education for Business and Technology